000 00789nam a22002057a 4500
999 _c22628
_d22628
003 AR-CdUCM
008 190427b ||||| |||| 00| 0 spa d
020 _a9786120060223
040 _aMUNICIPALIDAD PROVINCIAL DEL CUSCO
_cBIBLIOTECA MUNICIPAL DEL CUSCO
082 _a378.055985/P26P
_bP26P
100 _aParedes Pando, Oscar
_914521
245 _aPontificia y Real Universidad de San Antonio Abad :
_bReformas y modernización conservadora /
_cÓscar Paredes Pando
260 _aCusco :
_bEditorial Kopygraf,
_c2021.
300 _a470 paginas. :
_bilustraciones ;
_c24 cm.
500 _aBicentenario y Región 1821-2021 Tomo I
650 _aUniversidad Nacional de San Antonio Abad del Cusco
_915944
650 _aHistoria institucional
_947480
942 _2ddc
_cLIBROS
945 _arac